00942cam a2200265 a 450000100100000000500170001000800410002702000150006804000230008308200180010610000410012424500820016526000300024730000210027749000340029849000150033265000290034765000310037670000360040783000420044383000210048591000340050695201210054099900150066100000289320200929150258.0840801s1982 sp 001 p spa  a8420619205 aDO-SdBNPcDLCdDLC a861.64bG589a1 aGonzález, Angel,d1925-2008.9919310aAntología poética /cAngel González ; introducción de Luis Izquierdo. aMadrid :bAlianza,c1982. a160 p. ;c18 cm.1 aEl Libro de bolsillovno. 9201 aLiteratura 4aPoesía española9631 4aLiteratura española96321 aIzquierdo, Luis,eintrod.99194 3aEl Libro de bolsillo ;vno. 92094072 0aLiteratura98095 aCatalogación por copia / LC 001052708MOaGRbGRcCTd2009-07-04iLF1l0o861.64 G589ap2893-10r2020-06-25w2020-06-25y2ZPréstamo interno c2727d2727